000 00938nam0a2200265 4500
001 RU\NLR\ONL1\13628
005 20250613121744.0
035 _a(NLR Aleph) 009642372
090 _a9551462
_c9551462
100 _a20090211d1998 |||y0rusy50 ca
101 0 _amyv
102 _aRU
105 _ay |||||||||
200 9 _aФразеологиянь валкс
_eкемекставозь меревксэнь
_fР. С. Ширманкина
210 _aСаранск
_cМорд. кн. изд-вась
_d1998
215 _a215 с.
_d21
541 1 _aФразеологический словарь
_zrus
606 0 _aЭрзянский язык
_xФразеология
_92176369
_3RU\NLR\auth-onl\66502
686 1 _aШ166.311-433
700 1 _aШирманкина
_bР. С.
_gРаиса Семеновна
_4070
801 0 _aRU
_bNLR
_c20090211
_gPSBO
852 _aNLR
_bОНЛ
_jМорд.э./3-2747
942 _cBOOK
980 _aNB